Datum a čas kvízu
30
Celkem bodů
Celkový počet nahraných bodů na tomto kvízu bez doplňovacích otázek.
5.
Pořadí na kvízu
Konečné umístění týmu na tomto kvízu.
Zaznamenané odpovědi
| # | Otázka | Odpověď | Body | Výsledky |
|---|---|---|---|---|
| 1. | Ve kterém moravském městě přim... | ve Vsetíně | 1 | |
| 2. | Který člen britské královské r... | princ George, 11. narozeniny | 0 | |
| 3. | Firma Mattel uvedla minulý týd... | C | 0 | |
| 4. | Původně česká franšízová kavár... | Trdlokafe | 0 | |
| 5. | Po pouhých dvou kolech nové li... | František Straka | 0 | |
| 6. | Jak se označuje tento druh těs... | tarhoňa | 1 | |
| 7. | V souvislosti s rýží a jejím v... | arsen | 1 | |
| 8. | Nyní se zaměříme naopak na lát... | pohanka | 1 | |
| 9. | Zobrazený tenký měkký chléb je... | lavaš | 0 | |
| 10. | Pod kterým jednoslovným názvem... | quinoa | 1 |